000
00255nam a22001097a 4500
008
180802b xxu||||| |||| 00| 0 eng d
082
_a
813.52
245
_a
Encyclopedia britanica 2001
_c
Deluxe
260
_c
1994-2001
300
_a
1
_f
CD
942
_2
ddc
_c
MX
999
_c
46709
_d
46709